The 2000-2005 world outlook for educational software.

Bibliographic Details
Corporate Authors: NetLibrary, Inc, Icon Group International, Inc
Format: eBook
Language:English
Published: San Diego, Calif. : Icon Group Ltd., [2002]
Subjects:
Online Access:Connect to the full text of this electronic book

MARC

Tag First Indicator Second Indicator Subfields
LEADER 00000cam a2200000La 4500
001 in00001841921
005 20220105140500.0
006 m d
007 cr cn-
008 020514s2002 caua s 000 0 eng d
020 |a 0585401179 
035 |a (OCoLC)ocm50174950 
040 |a N$T  |c N$T  |d OCLCQ  |d UtOrBLW 
049 |a IICC 
050 1 4 |a HD9696.63.A2  |b T947 2002eb 
245 0 4 |a The 2000-2005 world outlook for educational software. 
246 3 0 |a World outlook for educational software 
264 1 |a San Diego, Calif. :  |b Icon Group Ltd.,  |c [2002] 
264 4 |c ©2002 
336 |a text  |b txt  |2 rdacontent 
337 |a computer  |b c  |2 rdamedia 
338 |a online resource  |b cr  |2 rdacarrier 
538 |a Mode of access: World Wide Web. 
506 |a Access may be limited to NetLibrary affiliated libraries. 
500 |a Made available through NetLibrary. 
500 |a Electronic resource. 
650 0 |a Computer software.  |0 http://id.loc.gov/authorities/subjects/sh85029534 
650 0 |a Education  |x Data processing.  |0 http://id.loc.gov/authorities/subjects/sh85041001 
655 7 |a Electronic books.  |2 local 
710 2 |a NetLibrary, Inc.  |0 http://id.loc.gov/authorities/names/no99080690 
710 2 |a Icon Group International, Inc.  |0 http://id.loc.gov/authorities/names/nr00019652 
856 4 1 |u https://proxy.library.tamu.edu/login?url=http://www.netLibrary.com/urlapi.asp?action=summary&v=1&bookid=67524  |z Connect to the full text of this electronic book  |t 0 
994 |a 92  |b IIC 
999 |a MARS 
999 f f |s c38ad5f0-e9a1-3abb-a700-897578380427  |i 12d9928a-d85b-358b-bc12-1d6ba128d1d4  |t 0 
952 f f |a Texas A&M University  |b College Station  |c Electronic Resources  |d Available Online  |t 0  |e HD9696.63.A2 T947 2002eb  |h Library of Congress classification 
998 f f |a HD9696.63.A2 T947 2002eb  |t 0  |l Available Online